Solar magnetic fields (Record no. 12294)

MARC details
000 -LEADER
fixed length control field 00601nam a2200181Ia 4500
003 - CONTROL NUMBER IDENTIFIER
control field IN-BaIIA
008 - FIXED-LENGTH DATA ELEMENTS--GENERAL INFORMATION
fixed length control field 211028s9999 xx 000 0 eng d
020 ## - INTERNATIONAL STANDARD BOOK NUMBER
International Standard Book Number 0-7923-2793-4
040 ## - CATALOGING SOURCE
Transcribing agency IIA Library
080 ## - UNIVERSAL DECIMAL CLASSIFICATION NUMBER
Universal Decimal Classification number 523.9-337
Item number STE
100 ## - MAIN ENTRY--PERSONAL NAME
Personal name Stenflo, Jan Olof
9 (RLIN) 19303
245 #0 - TITLE STATEMENT
Title Solar magnetic fields
Remainder of title polarized radiation diagnostics
Statement of responsibility, etc. Jan Olof Stenflo
260 ## - PUBLICATION, DISTRIBUTION, ETC.
Place of publication, distribution, etc. Dordrecht
Name of publisher, distributor, etc. Kluwer Academic
Date of publication, distribution, etc. 1994
300 ## - PHYSICAL DESCRIPTION
Extent xiv, 385p.
490 ## - SERIES STATEMENT
Series statement Astronomy and Space Science Library no. 189
650 ## - SUBJECT ADDED ENTRY--TOPICAL TERM
Topical term or geographic name entry element Solar Physics, Magnetic fields.
9 (RLIN) 21497
942 ## - ADDED ENTRY ELEMENTS (KOHA)
Koha item type Books
Holdings
Withdrawn status Lost status Damaged status Not for loan Home library Current library Shelving location Date acquired Total Checkouts Full call number Barcode Date last seen Price effective from Koha item type
        IIA Library-Bangalore IIA Library-Kodaikanal General Stacks 08/12/1997   523.9-337/ STE 13210 05/11/2021 08/12/1997 Books

Powered by Koha